000 00304nam a22001217a 4500
040 _cSY
082 _a642
100 _aSIENG DARONG; សៀង ដារង្គ
245 _aForest harvesting, អាជីវកម្មព្រៃឈើ
260 _aRUA
_bSIE
_c1997
300 _a104p.
942 _cKB
999 _c9376
_d9376